Sports Quiz

Random Sports or Football Quiz

Soccer Players Mapped Out Quiz Stats

 Plays Quiz Updated Jul 20, 2018

Challenge
Share
Tweet
Score 0/20 Timer 10:00
37 Plays Today
% Correct
Zinedine Zidane
82.8%
Xabi Alonso
77.9%
Wesley Sneijder
66.3%
Andriy Shevchenko
56.6%
Luis Figo
50.4%
Nemanja Vidić
48.6%
John-Arne Riise
47.8%
Francesco Totti
45%
Jerzy Dudek
40.1%
Michael Laudrup
38.7%
% Correct
Jürgen Klinsmann
35.2%
Fernando Torres
34.8%
Dimitar Berbatov
33.8%
Gheorge Hagi
25.1%
Rafael van der Vaart
23%
Laurent Blanc
22.7%
Paolo Di Canio
16.6%
Vladimír Šmicer
15.7%
Vedran Ćorluka
15%
David Platt
10.2%

You're not logged in!

Compare scores with friends on all Sporcle quizzes.
Join for Free
OR
Log In

You Might Also Like...

Show Comments

Extras

Top Quizzes Today


Score Distribution

Your Account Isn't Verified!

In order to create a playlist on Sporcle, you need to verify the email address you used during registration. Go to your Sporcle Settings to finish the process.

Report this User

Report this user for behavior that violates our Community Guidelines.

Details: